| 000 | 01131cam a2200325 i 4500 | ||
|---|---|---|---|
| 001 | 20672444 | ||
| 005 | 20250401153940.0 | ||
| 008 | 180917s2049 nyu b 001 0 eng | ||
| 010 | _a 2018044679 | ||
| 020 | _a9781610398404 (hardcover) | ||
| 042 | _apcc | ||
| 082 | 0 | 0 | _a701.03 SHN |
| 100 | 1 | _aShnayerson, Michael, | |
| 245 | 1 | 0 |
_aBoom : Mad Money, Mega Dealers, And The Rise Of Contemporary Art _b |
| 250 | _a1st | ||
| 260 |
_aNew York _b Hacette _c2019 |
||
| 264 | 1 |
_aNew York : _bPublicAffairs, _c2019. |
|
| 300 |
_a 450 pages ; _c25 cm |
||
| 336 |
_atext _btxt _2rdacontent |
||
| 337 |
_aunmediated _bn _2rdamedia |
||
| 338 |
_avolume _bnc _2rdacarrier |
||
| 504 | _aIncludes bibliographical references (pages 431-436) and index. | ||
| 650 | 0 | _aArt | |
| 650 | 0 | _aArt | |
| 650 | 0 | _aArt and society | |
| 776 | 0 | 8 |
_iOnline version: _aShnayerson, Michael. _tBoom. _bFirst edition _dNew York : PublicAffairs, 2019 _z9781610398411 _w(DLC) 2018046063 |
| 906 |
_a7 _bcbc _corignew _d1 _eecip _f20 _gy-gencatlg |
||
| 942 | _cBK | ||
| 999 |
_c43507 _d43507 |
||